| 000 | 00649nam a22002177a 4500 | ||
|---|---|---|---|
| 003 | OSt | ||
| 005 | 20150707151052.0 | ||
| 008 | 150707b xxu||||| |||| 00| 0 eng d | ||
| 020 | _a9780781768993 | ||
| 040 | _cDNLM | ||
| 082 | _aWM100 K173t 2009 | ||
| 100 |
_aeditor Benjamin, James Sadock _95499 |
||
| 245 | _aKaplan & Sadock's Comprehensive textbook of psychiatry | ||
| 250 | _a9th ed. | ||
| 260 |
_aPhiladelphia; _bWolters kluwer, _c2009 |
||
| 300 |
_axix,4520p; _bcol.ill: _c28cm |
||
| 504 | _aReferences, & index included | ||
| 650 |
_aPsychiatry _9351 |
||
| 700 |
_aeditor Virginia, Alcott Sadock ; Pedro, Ruiz _95500 |
||
| 942 |
_2z _cO_SHELF |
||
| 999 |
_c2133 _d2133 |
||